[Event "Cutro op-B 14th"]
[Site "Cutro"]
[Date "2008.04.29"]
[Round "5"]
[White "Policastrese, Salvatore"]
[Black "Macri, Pasquale"]
[Result "1-0"]
[WhiteElo "1446"]
[BlackElo "1431"]
[PlyCount "49"]
[EventDate "2008.04.25"]
[EventType "swiss"]
[EventRounds "7"]
[EventCountry "ITA"]
[SourceTitle "EXT 2009"]
[Source "ChessBase"]
[SourceDate "2008.11.26"]
[SourceVersion "1"]
[SourceVersionDate "2008.11.26"]
[SourceQuality "1"]

1. e4 e5 2. Nf3 Nc6 3. Bc4 h6 4. 0-0 d6 5. h3 f5 6. Nc3 f4 7. d4 Qf6 8. Nd5 Qg6 9. Kh1 Qf7 10. Bb5 Nf6 11. dxe5 a6 12. Bxc6+ bxc6 13. exf6 cxd5 14. fxg7 Qxg7 15. exd5 Rg8 16. Rg1 Bf5 17. c3 Kd8 18. Bxf4 Be4 19. g3 Qd7 20. g4 h5 21. Re1 Bxf3+ 22. Qxf3 hxg4 23. hxg4 Rh8+ 24. Kg1 Rh4 25. Bg5+ 1-0

[Event "Cutro op-B 14th"]
[Site "Cutro"]
[Date "2008.04.27"]
[Round "3"]
[White "Olivo, Paolo"]
[Black "Macri, Pasquale"]
[Result "1-0"]
[WhiteElo "1616"]
[BlackElo "1431"]
[PlyCount "83"]
[EventDate "2008.04.25"]
[EventType "swiss"]
[EventRounds "7"]
[EventCountry "ITA"]
[SourceTitle "EXT 2009"]
[Source "ChessBase"]
[SourceDate "2008.11.26"]
[SourceVersion "1"]
[SourceVersionDate "2008.11.26"]
[SourceQuality "1"]

1. e4 e5 2. Nf3 Nc6 3. Bc4 Bc5 4. c3 Be7 5. 0-0 d6 6. h3 f5 7. d3 f4 8. b4 Nh6 9. d4 Bf6 10. Bb5 Bd7 11. dxe5 Nxe5 12. Bxd7+ Qxd7 13. Bxf4 Rg8 14. Nxe5 dxe5 15. Qh5+ Qf7 16. Qxf7+ Nxf7 17. Be3 Nd6 18. Nd2 g5 19. f3 0-0-0 20. c4 a6 21. a4 h5 22. g4 c6 23. c5 Nf7 24. Nc4 Rd3 25. Kf2 Rc3 26. Nb6+ Kc7 27. Rfd1 Rd8 28. Rxd8 Bxd8 29. Rd1 Rc2+ 30. Kg1 Kb8 31. gxh5 Rc3 32. Kf2 Rb3 33. h6 Bxb6 34. cxb6 Kc8 35. h7 Rb2+ 36. Kg3 Rb3 37. Bxg5 Rxb4 38. Rd8+ Nxd8 39. h8Q Rd4 40. Qxe5 Rd7 41. Bxd8 Rxd8 42. Qc7# 1-0

[Event "Cutro op-B 14th"]
[Site "Cutro"]
[Date "2008.04.26"]
[Round "2"]
[White "Macri, Pasquale"]
[Black "Mercuri, Delia"]
[Result "1-0"]
[WhiteElo "1431"]
[BlackElo "1454"]
[PlyCount "61"]
[EventDate "2008.04.25"]
[EventType "swiss"]
[EventRounds "7"]
[EventCountry "ITA"]
[SourceTitle "EXT 2009"]
[Source "ChessBase"]
[SourceDate "2008.11.26"]
[SourceVersion "1"]
[SourceVersionDate "2008.11.26"]
[SourceQuality "1"]

1. e4 e6 2. d4 c5 3. c3 d5 4. Bb5+ Bd7 5. Qe2 c4 6. Bxd7+ Qxd7 7. exd5 Qxd5 8. Nf3 Nc6 9. 0-0 Bd6 10. Nfd2 b5 11. Qe4 Nge7 12. Qxd5 Nxd5 13. Ne4 Rd8 14. b3 0-0 15. Nxd6 Rxd6 16. bxc4 Nc7 17. cxb5 Nxb5 18. a4 Ncxd4 19. cxd4 Ra6 20. Ba3 Rxa4 21. Bxf8 Rxa1 22. Bc5 a5 23. Nd2 Ra4 24. Rb1 g6 25. Rxb5 Ra1+ 26. Rb1 Ra2 27. Ne4 Kg7 28. g3 a4 29. Nc3 Rc2 30. Nxa4 e5 31. dxe5 1-0

[Event "Cutro op-B 13th"]
[Site "Cutro"]
[Date "2007.04.30"]
[Round "8"]
[White "Paragliola, Gennaro"]
[Black "Macri, Pasquale"]
[Result "1-0"]
[WhiteElo "1451"]
[BlackElo "1437"]
[PlyCount "33"]
[EventDate "2007.04.23"]
[EventType "swiss"]
[EventRounds "9"]
[EventCountry "ITA"]
[SourceTitle "EXT 2008"]
[Source "ChessBase"]
[SourceDate "2007.11.25"]
[SourceVersion "1"]
[SourceVersionDate "2007.11.25"]
[SourceQuality "1"]

1. d4 d5 2. c4 e6 3. Nc3 c5 4. cxd5 exd5 5. dxc5 d4 6. Ne4 Bf5 7. Ng3 Qa5+ 8. Bd2 Qxc5 9. Rc1 Qd5 10. Nf3 Be4 11. Nxe4 Qxe4 12. Rc8+ Ke7 13. Bb4+ Kd7 14. Rxf8 d3 15. Qxd3+ Qxd3 16. exd3 Ke6 17. Ng5+ 1-0

[Event "Cutro op-B 13th"]
[Site "Cutro"]
[Date "2007.04.27"]
[Round "5"]
[White "Scerra, Ezio"]
[Black "Macri, Pasquale"]
[Result "0-1"]
[WhiteElo "1398"]
[BlackElo "1437"]
[PlyCount "58"]
[EventDate "2007.04.23"]
[EventType "swiss"]
[EventRounds "9"]
[EventCountry "ITA"]
[SourceTitle "EXT 2008"]
[Source "ChessBase"]
[SourceDate "2007.11.25"]
[SourceVersion "1"]
[SourceVersionDate "2007.11.25"]
[SourceQuality "1"]

1. c4 e5 2. e4 c5 3. Nf3 Nc6 4. d3 Be7 5. Nc3 d6 6. Bd2 Bg4 7. Nd5 Bxf3 8. Qxf3 Nd4 9. Qd1 Nf6 10. Rc1 Nxd5 11. cxd5 Bg5 12. h4 Bxd2+ 13. Qxd2 Qb6 14. Be2 a5 15. 0-0 Qb4 16. Qd1 Qxb2 17. Qa4+ b5 18. Qd1 Nxe2+ 19. Kh1 Nxc1 20. Qg4 0-0 21. Qg5 Nxd3 22. h5 h6 23. Qh4 c4 24. g4 c3 25. g5 c2 26. gxh6 Nxf2+ 27. Rxf2 c1Q+ 28. Kg2 Qxf2+ 29. Kxf2 Qxh6 0-1

[Event "Cutro op-B 13th"]
[Site "Cutro"]
[Date "2007.04.26"]
[Round "4"]
[White "Macri, Pasquale"]
[Black "Calomeni, Francesca"]
[Result "0-1"]
[WhiteElo "1437"]
[BlackElo "1356"]
[PlyCount "64"]
[EventDate "2007.04.23"]
[EventType "swiss"]
[EventRounds "9"]
[EventCountry "ITA"]
[SourceTitle "EXT 2008"]
[Source "ChessBase"]
[SourceDate "2007.11.25"]
[SourceVersion "1"]
[SourceVersionDate "2007.11.25"]
[SourceQuality "1"]

1. e4 e5 2. Nf3 Nc6 3. Bc4 Be7 4. c3 Nf6 5. d4 d6 6. d5 Na5 7. b4 Nxc4 8. Qd3 Nb6 9. Qb5+ Bd7 10. Qd3 c6 11. c4 cxd5 12. exd5 e4 13. Qc3 exf3 14. c5 fxg2 15. Rg1 Nbxd5 16. Qf3 dxc5 17. Qxg2 cxb4 18. Bg5 Bc6 19. Nd2 b3 20. axb3 Qd6 21. Ne4 Qb4+ 22. Ke2 Bb5+ 23. Kf3 Qxb3+ 24. Be3 Qc4 25. Nxf6+ Nxf6 26. Qh3 Qe4+ 27. Kg3 Bd6+ 28. Bf4 Qxf4+ 29. Kg2 Bc6+ 30. f3 Qd2+ 31. Kh1 Bxf3+ 32. Qxf3 Qxh2# 0-1

[Event "Cutro op-B 12th"]
[Site "Cutro"]
[Date "2006.04.29"]
[Round "7"]
[White "Macri, Pasquale"]
[Black "Rizzuti, Pasquale"]
[Result "0-1"]
[WhiteElo "1379"]
[BlackElo "1847"]
[PlyCount "36"]
[EventDate "2006.04.23"]
[EventType "swiss"]
[EventRounds "9"]
[EventCountry "ITA"]
[SourceTitle "EXT 2007"]
[Source "ChessBase"]
[SourceDate "2006.11.23"]
[SourceVersion "1"]
[SourceVersionDate "2006.11.23"]
[SourceQuality "1"]

1. e4 Nf6 2. e5 Nd5 3. Bc4 Nb6 4. Qe2 d5 5. exd6 Nxc4 6. dxe7 Qxe7 7. Qxe7+ Bxe7 8. d3 Nd6 9. Nc3 0-0 10. Nd5 Bd8 11. Nf3 c6 12. Bf4 cxd5 13. Bxd6 Re8+ 14. Kd2 Nc6 15. Rae1 Be6 16. Re2 Ba5+ 17. Kc1 d4 18. Rhe1 Bxe1 0-1

[Event "Cutro Weekend op"]
[Site "Cutro"]
[Date "2006.03.26"]
[Round "5"]
[White "Macri, Pasquale"]
[Black "Camposano, Antonio"]
[Result "1-0"]
[WhiteElo "1374"]
[BlackElo "1389"]
[PlyCount "81"]
[EventDate "2006.03.24"]
[EventType "swiss"]
[EventRounds "5"]
[EventCountry "ITA"]
[SourceTitle "EXT 2024"]
[Source "ChessBase"]
[SourceDate "2023.10.10"]
[SourceVersion "1"]
[SourceVersionDate "2023.10.10"]
[SourceQuality "1"]

1. e4 d6 2. d4 b6 3. c4 c5 4. d5 Nf6 5. Nc3 Bg4 6. Be2 Bxe2 7. Ngxe2 g6 8. 0-0 Bg7 9. h3 0-0 10. Ng3 Nbd7 11. f4 Bh6 12. f5 Bxc1 13. Qxc1 Nh5 14. Nxh5 gxh5 15. Qg5+ Kh8 16. Qxh5 Nf6 17. Qh6 Ng8 18. Qg5 f6 19. Qg4 Nh6 20. Qh5 Ng8 21. Rf3 Qe8 22. Qxe8 Raxe8 23. Raf1 Nh6 24. g4 Nf7 25. h4 Ne5 26. Rg3 Nxc4 27. Rf2 h6 28. g5 Rg8 29. Rfg2 Kh7 30. g6+ Kg7 31. Nb5 a6 32. Nc7 Rc8 33. Ne6+ Kh8 34. g7+ Kh7 35. Nf8+ Rcxf8 36. gxf8Q Rxf8 37. Rg7+ Kh8 38. Rxe7 a5 39. Rgg7 Nxb2 40. Rh7+ Kg8 41. Reg7# 1-0

[Event "ITA-ch U16"]
[Site "San Nicola Arcella"]
[Date "2004.07.08"]
[Round "7"]
[White "Macri, Pasquale"]
[Black "Pilurzu, Stefano"]
[Result "1-0"]
[WhiteElo "1410"]
[BlackElo "1479"]
[PlyCount "61"]
[EventDate "2004.07.04"]
[EventType "swiss"]
[EventRounds "7"]
[EventCountry "ITA"]
[SourceTitle "EXT 2024"]
[Source "ChessBase"]
[SourceDate "2023.10.10"]
[SourceVersion "1"]
[SourceVersionDate "2023.10.10"]
[SourceQuality "1"]

1. e4 c5 2. Nf3 d6 3. d4 cxd4 4. Nxd4 Nf6 5. Nc3 g6 6. Bc4 Bg7 7. Nd5 Nxe4 8. Bb5+ Nd7 9. Qf3 Bxd4 10. Qxe4 Bg7 11. Bg5 0-0 12. Bxe7 Re8 13. 0-0 Nc5 14. Bxe8 Bf5 15. Bxd8 Nxe4 16. Ne7+ Kf8 17. Nxf5 Rxd8 18. Nxg7 Kxg7 19. Ba4 Rc8 20. Rfe1 Nc5 21. Re8 Rc7 22. b3 Nxa4 23. bxa4 Rxc2 24. g3 Rc4 25. Rae1 Rxa4 26. R8e7 Rxa2 27. Rxb7 a5 28. Ree7 h5 29. Rxf7+ Kh6 30. f4 g5 31. Rf6# 1-0